000 00700nam a22001937a 4500
999 _c181487
_d181487
005 20210915172145.0
010 _aUR-11236
020 _c300.00
_a-
035 _aU-9791
037 _bDBAD/PUB
082 _a840.8
100 _a محمد ر ضو ا ن ند و ی
245 _aقا ضی جلا ل ہر ی ّو ر ی : حيا ت و خد ما ت
_cمحمد ر ضو ا ن ند و ی
246 _aQazi Jalal Haripuri Hayat-o-Khidmaat (Urdu)
_bby Mohd.Rizwan Nadvi
260 _aN.Delhi
_c2021 ء
_bEducational Publishing House
270 _a3191, Vakil Street, Kucha Pandit Lal Kuan,
_b Delhi
_e110006
_l -
300 _a304 ص
_c22 Cm(Hb)
942 _2ddc
_cUR
_h840.8
_mم ح م